Focal point. (Record no. 180365)
[ view plain ]
| 000 -LEADER | |
|---|---|
| fixed length control field | 00446cas1a220014500 4500 |
| 001 - CONTROL NUMBER | |
| control field | zam00004680 |
| 008 - FIXED-LENGTH DATA ELEMENTS--GENERAL INFORMATION | |
| fixed length control field | 951212n xx eng u |
| 035 ## - SYSTEM CONTROL NUMBER | |
| System control number | (Sirsi) r21933 |
| 035 ## - SYSTEM CONTROL NUMBER | |
| System control number | (MACHINE)01457 |
| 245 00 - TITLE STATEMENT | |
| Title | Focal point. |
| 260 ## - PUBLICATION, DISTRIBUTION, ETC. | |
| Place of publication, distribution, etc. | Lusaka : |
| Name of publisher, distributor, etc. | Zambia State Insurance Corporation. |
| 650 ## - SUBJECT ADDED ENTRY--TOPICAL TERM | |
| Topical term or geographic name entry element | Corporations -- Finance. |
| General subdivision | Corporations -- Finance. |
| Linkage | S2649.1 |
| 949 ## - LOCAL PROCESSING INFORMATION (OCLC) | |
| a | ZAMBIANA |
| w | lcc |
| i | -21225 |
| m | MAIN |
| p | 000 |
| t | BOOK |
| l | ON-SHELF |
| Withdrawn status | Lost status | Source of classification or shelving scheme | Damaged status | Not for loan | Home library | Current library | Shelving location | Total Checkouts | Full call number | Barcode | Date last seen | Copy number | Price effective from | Koha item type |
|---|---|---|---|---|---|---|---|---|---|---|---|---|---|---|
| Library of Congress Classification | Main Library | Main Library | On Shelf | ZAMBIANA | -21225 | 08/30/2019 | 1 | 08/30/2019 | Book |